Регионална библиотека "Любен Каравелов" - Русе

Розата на любовта (Запис номер 322730)

MARC детайли
000 -Лидер
Контролно поле с фиксирана дължина 01014naa a2200265 a 4500
003 - Код на организацията, давaща контролен номер
Контролно поле BLK
005 - Дата и час на последна редакция
Контролно поле 20250616120650.0
008 - Елементи от данни с фиксирана дължина
fixed length control field 180829b bul||||| |||| 00| 0 bul d
020 ## - Международен стандартен номер на книга ISBN
Международен стандартен номер на книга ISBN 978-619-157-230-4
040 ## - Източник на каталожния запис
Идентификатор на билиотеката - собственик на записа BLK
041 ## - Код за език
Код за езика на текст/звукозапис или на отделно заглавие Български
Код за езика КДБФ Български
080 ## - УДК
Текстов определител УДК Американска литература (на САЩ)
УДК код - определител по УДК 821.111(73)
УДК определител -311.6
УДК - код + определител 821.111(73)-311.6
100 ## - Редна дума - Автор
Автор Маклейн, Сара
139 ## - Редно поле
Авторски знак Мак - М 19
245 ## - Сведения за заглавието
Заглавие Розата на любовта
Редно поле (дума) Сара Маклейн ; Прев. Силвия Желева
260 ## - Област на издателските данни
Име на издателя, разпространителя и проч. Ибис
Година на издаване 2018
Място на издаване, разпространение и проч. София
300 ## - Физическа характеристика
Страници 358 с.
Размери/Мащаб 21 см
380 ## - Жанр
Жанр Худож. лит.
490 ## - СЕРИИ (Колекции)
9 (RLIN) 206596
Име на серия Колекция Златни исторически любовни романи
500 ## - Общи забележки
Забележка Ориг. загл. One good earl deserves a lover / Sarah MacLean
700 ## - Други автори (авторска отговорност)
Лично име Желева, Силвия Вангелова
9 (RLIN) 325826
765 ## - Описание на заглавието на оригиналният език
Редна дума на основното описание One good earl deserves a lover
999 ## - СИСТЕМНИ КОНТРОЛНИ НОМЕРА
Koha biblionumber 322730
Koha biblioitemnumber 322730
942 ## - АРТИКУЛИ
Вид на библиотечния материал Книги
Източник на класификационната схема Universal Decimal Classification
Скрит в OPAC Не
Koha issues (borrowed), all copies 125
944 ## - СЪЗДАВАНЕ И РЕДАКЦИЯ на ЗАПИСА
Служител, извършил регистрацията/редакцията 30576
Статус, дата на статуса Цветомила Тодорова
Наличности
Код за отписване Код за изгубен артикул Източник на класификационната схема Код за повреда Код за отдаване Артикулен № Име на библиотеката - собственик Име на библиотеката, в която се намира в момента Статус (Текущо местоположение) Дата на вписване в системата Местоположение - отдел Цена в лева Инвентарен номер Систематично азбучна сигнатура Баркод Цена в евро Служебен тип на артикула Коз за рестрикции
  Не е изгубен Universal Decimal Classification Не е повреден заемане за дома 677067 Регионална библиотека "Любен Каравелов" Русе Регионална библиотека "Любен Каравелов" Русе Заемна - подръчен фонд 2018-06-01 Заемна - подръчен фонд 11.18 120000820773 П 821-31/М 19 120000820773 5.72 Книги  
  Не е изгубен Universal Decimal Classification Не е повреден заемане за дома 677068 Регионална библиотека "Любен Каравелов" Русе Регионална библиотека "Любен Каравелов" Русе Заемна - подръчен фонд 2018-06-01 Заемна - подръчен фонд 11.18 120000820772 П 820(73)-31/М 19 120000820772 5.72 Книги без рестрикции
  Не е изгубен Universal Decimal Classification Не е повреден ползва се в читалня 683142 Регионална библиотека "Любен Каравелов" Русе Регионална библиотека "Любен Каравелов" Русе Хранилище 2018-11-28 Хранилище 14.90   Цб 291879 120000825935 7.62 Книги без рестрикции
Vip Innovations Ltd, Rousse, Bulgaria 2025